|
|
|
|
| LEADER |
00000nam0a2200000 4500 |
| 001 |
36418 |
| 005 |
20231031001825.0 |
| 010 |
|
|
|a 5283015203
|
| 035 |
|
|
|a (RuTPU)RU\TPU\book\36890
|
| 035 |
|
|
|a BOOK00003542
|
| 090 |
|
|
|a 36418
|
| 100 |
|
|
|a 20011210d1990 u y0rusy50 ca
|
| 101 |
0 |
|
|a rus
|
| 102 |
|
|
|a RU
|
| 105 |
|
|
|a a 001|y
|
| 200 |
1 |
|
|a Квантование по уровню и временная дискретизация в цифровых системах управления
|f Л. А. Баранов
|
| 210 |
|
|
|a Москва
|c Энергоатомиздат
|d 1990
|
| 215 |
|
|
|a 303 с.
|c ил.
|
| 320 |
|
|
|a Библиогр.: с. 301-302 (47 назв.).
|
| 610 |
1 |
|
|a электрические сигналы
|
| 610 |
1 |
|
|a преобразование
|
| 610 |
1 |
|
|a преобразователи аналого-цифровые
|
| 610 |
1 |
|
|a погрешности
|
| 610 |
1 |
|
|a расчеты
|
| 675 |
|
|
|a 681.325.3
|v 3
|
| 700 |
|
1 |
|a Баранов
|g Леонид Аврамович
|
| 801 |
|
0 |
|a RU
|b 63413507
|c 20011210
|g PSBO
|
| 801 |
|
2 |
|a RU
|b 63413507
|c 20090417
|g PSBO
|
| 900 |
|
|
|a Теория информации и ее приложение в автоматизированных системах
|
| 942 |
|
|
|c BK
|